=LDR 00000nam 2200000 4500 =001 INLIS000000000062292 =005 20230727020007 =035 ##$$a 0010-0723000030 =007 ta =008 230727################g##########0#ind## =020 ##$$a 979-3251-22-0 =082 ##$$a 028.5 =084 ##$$a 028.5 WOO a =100 #$$a Wood,Jenny =245 1#$$a Aku ingin tahu mengapa kanguru memiliki kantung dan banyak pertanyaan lainnya tentang bayi hewan /$c Jenny Wood =260 ##$$a Groiler International :$b Grolier,$c 2004 =300 ##$$a 32 hlm : $b Ilus ; $c 28 cm =990 ##$$a 32603260 =990 ##$$a 20616881